Montana Trivia - Statistics

General Stats
  • This quiz has been taken 73 times
  • The average score is 10 of 14
Answer Stats
Hint Answer % Correct
Capital city Helena
100%
Abbreviation MT
93%
Bordering state (W) Wyoming
93%
Bordering state (I) Idaho
91%
Bordering state (S) South Dakota
91%
Bordering state (N) North Dakota
90%
What animal is on the state quarter? Bison
66%
Nickname Treasure State
60%
Year that it joined the US 1889
59%
State bird Western Meadowlark
48%
State flower Bitterroot
45%
Senator since 2007 John Tester
43%
State tree Ponderosa Pine
38%
Senator since 2015 Steve Daines
36%
No matching quizzes found
Score Distribution
Percent of People with Each Score
Percentile by Number Answered
Your Score History
You have not taken this quiz